Jidáš zbavený pout. Poslední hlídka /
Pokračování rozsáhlé space opery, odehrávající se ve čtyřiadvacátém století, kdy lidstvo díky cestování červími děrami vytvořilo rozsáhlé vesmírné Společenství.
Uloženo v:
| Série: | Sága Společenství,
část 4 |
|---|---|
| Hlavní autor: | |
| Další autoři: | |
| Médium: | E-kniha |
| Jazyk: | Czech |
| Vydáno: |
Praha :
Planeta9,
2020
|
| Vydání: | Vydání první |
| Témata: | |
| Příbuzné jednotky: | Z cyklu::
Sága Společenství |
| Tagy: |
Žádné tagy |
| LEADER | 02754nam a2200457 i 4500 | ||
|---|---|---|---|
| 001 | 311248 | ||
| 003 | CZ PrSKC | ||
| 005 | 20260601215702.0 | ||
| 007 | ta | ||
| 008 | 201022s2020 xr g 000 f cze | ||
| 015 | |a cnb003260289 | ||
| 020 | |a 9788088321163 |q (brožováno) : |c Kč 499,00 | ||
| 035 | |a (OCoLC)1230104378 | ||
| 040 | |a ABG001 |b cze |e rda | ||
| 041 | 1 | |a cze |h eng | |
| 072 | 7 | |a 821.111-3 |x Anglická próza, anglicky psaná |2 Konspekt | |
| 080 | |a 821.111-31 |2 MRF | ||
| 080 | |a (0:82-311.9) |2 MRF | ||
| 100 | 1 | |a Hamilton, Peter F., |d 1960- |7 xx0012750 |4 aut | |
| 240 | 1 | 0 | |a Judas unchained. |l Česky |
| 245 | 1 | 0 | |a Jidáš zbavený pout. |p Poslední hlídka / |c Peter F. Hamilton ; přeložil Petr Kotrle |
| 246 | 3 | 0 | |a Poslední hlídka |
| 250 | |a Vydání první | ||
| 264 | 1 | |a Praha : |b Planeta9, |c 2020 | |
| 300 | |a 589 stran ; |c 20 cm | ||
| 336 | |a text |b txt |2 rdacontent | ||
| 337 | |a bez média |b n |2 rdamedia | ||
| 338 | |a svazek |b nc |2 rdacarrier | ||
| 500 | |a Přeloženo z angličtiny | ||
| 520 | 2 | |a Pokračování rozsáhlé space opery, odehrávající se ve čtyřiadvacátém století, kdy lidstvo díky cestování červími děrami vytvořilo rozsáhlé vesmírné Společenství. |b Mechanik Mark Vernon má dojem, že pro sebe v nejistém světě konečně našel správné místo. Podařilo se mu získat práci v nejbezpečnějším ze světů Společenství. Zdá se, že on a jeho rodina jsou mimo ohrožení. Jednoho dne ho Nigel Sheldon požádá o malou laskavost a muž, který stvořil Společenství, se neodmítá. Problém s malými laskavostmi však spočívá v tom, že se za ně často platí obrovská cena. Válka se vyvíjí pro lidskou rasu nepříznivě a zlovolná činnost Hvězdoplavce ohrožuje samotné srdce Společenství. Pouze zničení zrádce může změnit rovnováhu sil, ale operace Pauly Myo končí fiaskem. Paula musí zjistit, kdo je zrádcem lidstva... Nakladatelská anotace. | |
| 655 | 7 | |a anglické romány |7 fd131814 |2 czenas | |
| 655 | 7 | |a vědecko-fantastické romány |7 fd133847 |2 czenas | |
| 655 | 9 | |a English fiction |2 eczenas | |
| 655 | 9 | |a science fiction novels |2 eczenas | |
| 700 | 1 | |a Kotrle, Petr, |d 1967- |7 mzk2003187206 |4 trl | |
| 787 | 0 | 8 | |i Z cyklu: |t Sága Společenství |g 4 |
| 900 | |a ABA001 |b 20 | ||
| 044 | |a xr | ||
| 910 | |a RBIT002 | ||
| 998 | |d 209784 |a https://core.palmknihy.cz/api/books/209784/cover?qi6jol |b https://core.palmknihy.cz/api/books/209784/cover/400?qi6jol |c https://core.palmknihy.cz/api/books/209784/cover/50?qi6jol |e |g 568 |i 9788088321163 |j https://core.palmknihy.cz/api/books/209784/preview.epub |k https://core.palmknihy.cz/api/books/209784/preview.pdf |l |q 49 |r 1 |s https://www.palmknihy.cz/kniha/209784 |t ebook |y 2020 |z 0 |v Sága Společenství |w 4 | ||
| 999 | |d 311246 | ||